Sports Quiz

Random Sports or Auto Racing Quiz

NASCAR Bristol Winners Quiz Stats

 Plays Quiz not verified by Sporcle

Challenge
Share
Tweet
Embed
Score 0/115 Timer 18:00
0 Plays Today
Year Driver % Correct
2018Kyle Busch
100%
1979Dale Earnhardt
98.7%
1980Dale Earnhardt
98.7%
1985Dale Earnhardt
98.7%
1985Dale Earnhardt
98.7%
1987Dale Earnhardt
98.7%
1987Dale Earnhardt
98.7%
1988Dale Earnhardt
98.7%
1994Dale Earnhardt
98.7%
1999Dale Earnhardt
98.7%
2004Dale Earnhardt, Jr.
98.7%
1967Richard Petty
98.4%
1975Richard Petty
98.4%
1975Richard Petty
98.4%
1995Jeff Gordon
98.4%
1996Jeff Gordon
98.4%
1997Jeff Gordon
98.4%
1998Jeff Gordon
98.4%
2002Jeff Gordon
98.4%
2010Jimmie Johnson
98.4%
2017Kyle Busch
97.9%
2017Jimmie Johnson
97.6%
2015Matt Kenseth
97.6%
2002Kurt Busch
97.4%
2003Kurt Busch
97.4%
2003Kurt Busch
97.4%
2004Kurt Busch
97.4%
2006Kurt Busch
97.4%
2007Kyle Busch
97.4%
2009Kyle Busch
97.4%
2009Kyle Busch
97.4%
2010Kyle Busch
97.4%
2011Kyle Busch
97.4%
2016Carl Edwards
97.4%
2005Kevin Harvick
97.1%
2005Matt Kenseth
97.1%
2006Matt Kenseth
97.1%
2007Carl Edwards
97.1%
2008Carl Edwards
97.1%
Year Driver % Correct
2013Matt Kenseth
97.1%
2014Carl Edwards
97.1%
2015Joey Logano
97.1%
1965Junior Johnson
96.8%
1986Rusty Wallace
96.8%
1989Rusty Wallace
96.8%
1991Rusty Wallace
96.8%
1993Rusty Wallace
96.8%
1993Mark Martin
96.8%
1994Rusty Wallace
96.8%
1996Rusty Wallace
96.8%
1998Mark Martin
96.8%
1999Rusty Wallace
96.8%
2000Rusty Wallace
96.8%
2000Rusty Wallace
96.8%
2012Denny Hamlin
96.5%
1978Darrell Waltrip
96.1%
1979Darrell Waltrip
96.1%
1981Darrell Waltrip
96.1%
1981Darrell Waltrip
96.1%
1982Darrell Waltrip
96.1%
1982Darrell Waltrip
96.1%
1983Darrell Waltrip
96.1%
1983Darrell Waltrip
96.1%
1984Darrell Waltrip
96.1%
1986Darrell Waltrip
96.1%
1989Darrell Waltrip
96.1%
1992Darrell Waltrip
96.1%
2016Kevin Harvick
96%
1997Dale Jarrett
95.8%
2011Brad Keselowski
95.8%
2012Brad Keselowski
95.8%
2013Kasey Kahne
95.8%
2014Joey Logano
95.8%
1965Ned Jarrett
95.2%
1969Bobby Allison
94.5%
1970Bobby Allison
94.5%
1972Bobby Allison
94.5%
1972Bobby Allison
94.5%
Year Driver % Correct
1990Davey Allison
94.5%
2001Tony Stewart
94.5%
1984Terry Labonte
94.2%
1995Terry Labonte
94.2%
2008Jeff Burton
93.9%
1970Donnie Allison
93.6%
1973Cale Yarborough
93.2%
1974Cale Yarborough
93.2%
1974Cale Yarborough
93.2%
1976Cale Yarborough
93.2%
1976Cale Yarborough
93.2%
1977Cale Yarborough
93.2%
1977Cale Yarborough
93.2%
1978Cale Yarborough
93.2%
1980Cale Yarborough
93.2%
1988Bill Elliott
90.4%
1991Alan Kulwicki
87.5%
1992Alan Kulwicki
87.5%
1967David Pearson
86.2%
1968David Pearson
86.2%
1968David Pearson
86.2%
1969David Pearson
86.2%
1971David Pearson
86.2%
1990Ernie Irvan
79.4%
1962Bobby Johns
78.8%
1973Benny Parsons
78.8%
2001Elliott Sadler
76.8%
1963Fred Lorenzen
62.4%
1964Fred Lorenzen
62.4%
1964Fred Lorenzen
62.4%
1963Fireball Roberts
60.5%
1961Joe Weatherly
55.6%
1971Charlie Glotzbach
38.3%
1961Jack Smith
36.3%
1962Jim Paschal
25.1%
1966Paul Goldsmith
19%
1966Dick Hutcherson
13.8%

You're not logged in!

Compare scores with friends on all Sporcle quizzes.
Join for Free
OR
Log In

You Might Also Like...

Show Comments

Extras

Top Quizzes Today


Score Distribution

Your Account Isn't Verified!

In order to create a playlist on Sporcle, you need to verify the email address you used during registration. Go to your Sporcle Settings to finish the process.

Report this User

Report this user for behavior that violates our Community Guidelines.

Details: